Scripture in the World Religions (Record no. 13814)

MARC details
000 -LEADER
fixed length control field 00623nam a2200241 a 4500
020 ## - INTERNATIONAL STANDARD BOOK NUMBER
ISBN 1851682449
082 00 - DEWEY DECIMAL CLASSIFICATION NUMBER
Classification number 291
Author Cutter COW1
100 ## - MAIN ENTRY--AUTHOR NAME
Author name Coward, Harold
245 ## - TITLE STATEMENT
Title Scripture in the World Religions
Sub title A Short Introduction
260 ## - PUBLICATION, DISTRIBUTION, ETC. (IMPRINT)
Place of publication Oxford
Name of publisher One World Publications
Year of publication 2007
300 ## - PHYSICAL DESCRIPTION
Number of Pages 222p
500 ## - GENERAL NOTE
General note includes index and biblioraphy
505 2# - FORMATTED CONTENTS NOTE
Formatted contents note Index
650 ## - SUBJECT ADDED ENTRY--TOPICAL TERM
Topical Term Comparative Religion
942 ## - ADDED ENTRY ELEMENTS (KOHA)
Koha item type Books
700 1# -
-- Coward, Harold
Holdings
Collection code Home library Current library Date acquired Cost, normal purchase price Full call number Accession Number Koha item type
  Henry Martyn Institute Library Henry Martyn Institute Library 05/30/2011 250.00 291 COW1 022917 Books
                   Copyright © 2026 | Henry Martyn Institute | Hyderabad | TS-500052 | INDIA | Implemented by hmi.edu.in
Hit-Count:

Powered by Koha